Представление документа в формате RUSMARC

ПолеНазваниеЗначение
  Тип записи a
  Библиографический уровень m
001 Контрольный номер RU/SLIB/B/208755380
005 Дата корректировки 20260428112032.7
010 Индекс ISBN __
d Цена 2000-00
101 Язык документа 0_
a Язык текста rus
200 Заглавие и сведения об ответственности 0_
a Заглавие Страницы истории декабризма
e Сведения, относящиеся к заглавию в 2 кн.
f Первые сведения об ответственности под ред. С. В. Житомирской
b Общее обозначение материала Текст
h Номер части Кн. 2
210 Выходные данные 1_
a Место издания Иркутск
c Издательство Вост.-Сиб. кн. изд-во
d Дата издания 1992
215 Физическое описание __
a Объем 432 с.
600 Персоналии _1
a Персоналии (Фамилия) Раевский, В. Ф.
606 Тематические рубрики __
a Основная рубрика История
606 Тематические рубрики __
a Основная рубрика Россия в IX - XVII вв.
610 Ключевые слова 0_
a Ключевые слова декабристы; русская литература; утраченные произведения
686 Индексы других классификаций __
a Классификационный индекс 63.3(2)521; ст63.3(2)521
700 Автор _0
a Фамилия Азадовский
b Имя М. К.
4 Код отношения 070
801 Источник записи _0
a Страна RU
b Организация Муниципальное бюджетное учреждение культуры "Централизованная библиотечная система" г. Сургут (Центральная городская библиотека им. А. С. Пушкина)
g Правила каталогизации КиК/Елгина
801 Источник записи _1
a Страна RU
b Организация Муниципальное бюджетное учреждение культуры "Централизованная библиотечная система" г. Сургут (Центральная городская библиотека им. А. С. Пушкина)
g Правила каталогизации КиК/Елгина
852 Данные о местонахождении __
j Шифр хранения 63.3(2)521
c Каталожный индекс 63.3(2)521
i Авторский знак А 35
p Инвентарный номер 54783
901 Тип документа __
t Тип документа m
903 Характеристики (МАРС) __
a Дата передачи 20081031
990 Данные о заказе (DOS) 00
j Количество экземпляров (DOS) 6